Indigenismo y género: violencia doméstica /
Na minha lista:
| Autor principal: | |
|---|---|
| Outros Autores: | |
| Formato: | Texto |
| Assuntos: | |
| Tags: |
Adicionar Tag
Sem tags, seja o primeiro a adicionar uma tag!
|
MARC
| LEADER | 00000 a a2200000 04500 | ||
|---|---|---|---|
| 001 | 10425 | ||
| 003 | |||
| 040 | |||
| 100 | |a Muniz, Elsa | ||
| 245 | |a Indigenismo y género: violencia doméstica / |c Elsa Muniz ; Adriana Corona | ||
| 650 | |a VIOLENCIA INTRAFAMILIAR | ||
| 650 | |a POBLACION INDIGENA | ||
| 650 | |a DERECHOS DE LA MUJER | ||
| 650 | |a POLITICA GUBERNAMENTAL | ||
| 700 | |a Corona, Adriana | ||
| 773 | |g volumen 15, número 49; páginas 4158 | ||
| 999 | |c 38891 |d 38891 | ||
